[Event "FIDE Open"]
[Site "Voronezh"]
[Date "2017.06.15"]
[Round "4.55"]
[White "Kuzmin, Vitaly"]
[Black "Kuzminykh, Nikita"]
[Result "1/2-1/2"]
[WhiteElo "1770"]
[BlackElo "1511"]
[Annotator ""]
[Source ""]
[Remark ""]

1.d4 d5 2.Bf4 e6 3.e3 Nf6 4.h3 Be7 5.Nf3 O-O 6.Be2 b6 7.O-O Bb7
8.c4 Nbd7 9.Nc3 dxc4 10.Bxc4 a6 11.Be2 Nd5 12.Nxd5 Bxd5 13.a3
c5 14.dxc5 Nxc5 15.b4 Ne4 16.Rc1 Bf6 17.Bc7 Qe7 18.Nd4 Bh4 19.Bxb6
f5 20.Nf3 Bxf2+ 21.Rxf2 Nxf2 22.Kxf2 Qf6 23.Rc7 Rf7 24.Bd4 Qh6
25.Rxf7 Kxf7 26.Qc1 Kg8 27.Qc7 Qg6 28.Bf1 Qf7 29.Qxf7+ Kxf7 30.Ne5+
Ke7 31.Nd3 g6 32.Nc5 a5 33.b5 Kd6 34.Na6 Bb7 35.a4 Rc8 36.Bb6
Rc2+ 37.Kg1 Ra2 38.Bxa5 Rxa4 39.Bc7+ Kd5 40.Be2 e5 41.Kh2 Ra3
42.Nb4+ Kc5 43.Na6+ Kd5 44.Bb6 e4 45.Nc7+ Kd6 46.Ne8+ Kd7 47.Nf6+
Kc8 48.Nxh7 Ra2 49.Bc4 Rc2 50.Bf7 f4 51.Bxg6 f3 52.Bf5+ Kb8 53.Kg1
Rc1+ 54.Kf2 Rc2+ 55.Kf1 Rc1+ 56.Kf2 Rc2+ 1/2-1/2

[Event "FIDE Open"]
[Site "Voronezh"]
[Date "2017.06.15"]
[Round "4.56"]
[White "Denisenko, Dmitry"]
[Black "Osipyan, Grigor"]
[Result "1-0"]
[WhiteElo "1628"]
[BlackElo "1452"]
[Annotator ""]
[Source ""]
[Remark ""]

1.e4 c5 2.Nf3 Nc6 3.d4 cxd4 4.Nxd4 e5 5.Nxc6 bxc6 6.Nc3 Nf6 7.Bc4
Bb4 8.Bg5 O-O 9.O-O h6 10.Bh4 Be7 11.Bg3 Qc7 12.Qf3 Bb7 13.Rad1
Rad8 14.a3 Qa5 15.b4 Qxa3 16.Nd5 Qxf3 17.Nxe7+ Kh7 18.gxf3 g6
19.Bxe5 Ne8 20.b5 d6 21.Bg3 cxb5 22.Bxb5 f5 23.exf5 Bxf3 24.fxg6+
Kg7 25.Be5+ Nf6 26.Rxd6 1-0

[Event "FIDE Open"]
[Site "Voronezh"]
[Date "2017.06.15"]
[Round "4.57"]
[White "Belov, Aleksei"]
[Black "Mikhalenko, Ivan"]
[Result "1-0"]
[WhiteElo "1625"]
[BlackElo "1137"]
[Annotator ""]
[Source ""]
[Remark ""]

1.e4 e5 2.Nf3 Nc6 3.Bb5 a6 4.Ba4 d6 5.d4 Bd7 6.O-O Bg4 7.d5 b5
8.Bxb5 axb5 9.dxc6 Ne7 10.Qd3 Nxc6 11.Qxb5 Kd7 12.Nc3 Bxf3 13.gxf3
Rb8 14.Qc4 Nd4 15.Qxf7+ Kc8 16.Be3 Be7 17.Bxd4 exd4 18.Nd5 Rf8
19.Qxe7 Rxf3 20.Qxd8+ Kxd8 21.Kg2 Rf7 22.b3 1-0

[Event "FIDE Open"]
[Site "Voronezh"]
[Date "2017.06.15"]
[Round "4.58"]
[White "Smaleva, Veronika"]
[Black "Belov, Yury"]
[Result "0-1"]
[WhiteElo "1163"]
[BlackElo "1567"]
[Annotator ""]
[Source ""]
[Remark ""]

1.e4 c5 2.Nc3 e6 3.d4 cxd4 4.Qxd4 Nc6 5.Qd1 a6 6.Nf3 h6 7.Bd3
Bc5 8.O-O g5 9.Nd2 b5 10.a3 Ne5 11.Be2 Nf6 12.Nf3 Qc7 13.Nxe5
Qxe5 14.Bf3 h5 15.Qd3 Bd6 16.g3 h4 17.Bg2 Bb7 18.Bd2 hxg3 19.Qxg3
Qc5 20.Qf3 Bxh2+ 21.Kh1 Be5+ 22.Kg1 O-O-O 23.Bxg5 Bh2+ 24.Kh1
Qxg5 25.Bh3 Qe5 26.Rad1 Rh4 27.Qe3 Rdh8 28.Rd3 Bf4 29.Qe2 Nxe4
30.Nxe4 Bxe4+ 31.Rf3 Rxh3+ 32.Kg1 Rh1+ 33.Kg2 R8h2# 0-1

[Event "FIDE open"]
[Site "?"]
[Date "2017.06.15"]
[Round "4.1"]
[White "Ponomariov, Timur"]
[Black "Kozlov, Sergej A."]
[Result "1/2-1/2"]
[WhiteElo "2196"]
[BlackElo "2072"]
[Annotator ""]
[Source ""]
[Remark ""]

1.e4 e6 2.d4 d5 3.Nd2 Nc6 4.Ngf3 Nf6 5.e5 Nd7 6.Bd3 f6 7.Ng5
Ndxe5 8.dxe5 fxg5 9.Qh5+ Kd7 10.Nf3 h6 11.O-O Bc5 12.c4 Nb4 13.Bg6
dxc4 14.Rd1+ Nd5 15.Be3 Qf8 16.Bxc5 Qxc5 17.Nd4 c6 18.Bf7 Kc7
19.Bxe6 Nf4 20.Qf7+ Kb6 21.Bxc8 Raxc8 22.b4 Qd5 23.Qxd5 cxd5
24.a4 a6 25.a5+ Ka7 26.b5 Rhe8 27.bxa6 bxa6 28.Rab1 Rxe5 29.Kf1
c3 30.Rbc1 Rc4 31.g3 Rxd4 32.Rxd4 Ne2 33.Rxd5 Nxg3+ 34.hxg3 Rxd5
35.Rxc3 Kb7 36.Rb3+ Kc7 37.Rb6 Rxa5 38.Rg6 Re5 39.Rxg7+ Kd6 40.Ra7
a5 41.Ra6+ Ke7 42.Rxh6 Ke8 43.Rh4 1/2-1/2

[Event "FIDE open"]
[Site "?"]
[Date "2017.06.15"]
[Round "4.2"]
[White "Khajrutdinov, Ildar"]
[Black "Kondaurov, Yury"]
[Result "1/2-1/2"]
[WhiteElo "2087"]
[BlackElo "2046"]
[Annotator ""]
[Source ""]
[Remark ""]

1.d4 Nf6 2.c4 c5 3.Nf3 cxd4 4.Nxd4 e5 5.Nb5 d5 6.cxd5 Bc5 7.e3
O-O 8.N5c3 e4 9.Be2 Qe7 10.Nd2 Rd8 11.Qb3 b6 12.Nc4 Nbd7 13.Bd2
Bb7 14.d6 Bxd6 15.Nxd6 Qxd6 16.Nb5 Qxd2+ 17.Kxd2 Nc5+ 18.Nd4
Nxb3+ 19.axb3 a5 20.Rhc1 Rac8 21.Rxc8 Rxc8 22.Rc1 Rxc1 23.Kxc1
g6 24.Kc2 Kf8 25.b4 a4 26.Kc3 Ke7 27.Kc4 Ba6+ 28.b5 Bb7 29.Kb4
Kd6 30.Kxa4 Kc5 31.Nb3+ Kd6 32.Kb4 Nd5+ 33.Kc4 Ke5 34.Nd4 Ne7
35.Kc3 Nd5+ 36.Kc4 Ne7 37.g3 f5 38.Kc3 g5 39.Bc4 Bd5 40.b3 f4
41.Kd2 h5 42.Ke2 f3+ 43.Kd2 h4 44.Bf1 hxg3 45.hxg3 Nf5 46.Nxf5
Kxf5 47.Kc3 Ke5 48.Bc4 Bb7 49.Bf7 Bd5 50.Be8 Be6 51.b4 Bh3 52.Bc6
Be6 53.Be8 1/2-1/2

[Event "FIDE open"]
[Site "?"]
[Date "2017.06.15"]
[Round "4.3"]
[White "Lebedev, Mikhail S."]
[Black "Shishkin, Aleksey A."]
[Result "1/2-1/2"]
[WhiteElo "2041"]
[BlackElo "2191"]
[Annotator ""]
[Source ""]
[Remark ""]

1.e4 Nf6 2.e5 Nd5 3.d4 d6 4.Nf3 Bg4 5.Be2 c6 6.c4 Nb6 7.Nbd2
dxe5 8.Nxe5 Bxe2 9.Qxe2 N8d7 10.Ndf3 Nxe5 11.dxe5 e6 12.O-O Be7
13.Rd1 Qc7 14.b3 O-O 15.Bb2 Rfd8 16.h3 Rxd1+ 17.Rxd1 Rd8 18.Rd3
Rxd3 19.Qxd3 Qd7 20.Qxd7 Nxd7 21.Kf1 Kf8 22.Ke2 Ke8 23.Nd2 a6
24.f4 h5 25.g4 hxg4 26.hxg4 g6 27.Bd4 Kd8 28.Ke3 Kc7 29.Ne4 c5
30.Bc3 b6 31.Nd2 Nb8 32.Ke4 Nc6 33.Nf3 Kd7 34.Bb2 Nb4 35.a3 Nc6
36.Bc3 Kc7 37.Be1 Kd7 38.Bc3 Kc7 39.Be1 Kd7 40.Bc3 1/2-1/2

[Event "FIDE open"]
[Site "?"]
[Date "2017.06.15"]
[Round "4.4"]
[White "Provkin, Vladimir"]
[Black "Lepaev, Andrey"]
[Result "0-1"]
[WhiteElo "2163"]
[BlackElo "2059"]
[Annotator ""]
[Source ""]
[Remark ""]

1.d4 Nf6 2.Bg5 Ne4 3.Bf4 d5 4.f3 Nf6 5.e4 c5 6.e5 Nfd7 7.c3 Nc6
8.Be3 cxd4 9.cxd4 Nb6 10.Nc3 Bf5 11.g4 Bg6 12.Nh3 e6 13.Nf4 Be7
14.Qd2 Bh4+ 15.Bf2 O-O 16.Be2 Bxf2+ 17.Kxf2 Nc4 18.Bxc4 dxc4
19.Rad1 Qb6 20.Na4 Qc7 21.Rhe1 Rad8 22.d5 exd5 23.Nxd5 Qb8 24.f4
Bd3 25.Nac3 b5 26.a3 b4 27.axb4 Nxb4 28.Nxb4 Qxb4 29.Ne4 Qb6+
30.Qe3 Qxb2+ 31.Rd2 Qb6 32.Nd6 Qxe3+ 33.Kxe3 f6 34.Ra2 g5 35.Rxa7
gxf4+ 36.Kxf4 fxe5+ 37.Kxe5 Bg6 38.Rea1 c3 39.h4 Rf2 40.Ra8 Rxa8
41.Rxa8+ Rf8 42.Ra3 c2 43.Rc3 Rf1 44.Rc8+ Kg7 45.Rc7+ Kh6 46.Rc6
c1Q 47.Nf7+ Kg7 48.h5 Kg8 49.Rc7 0-1

[Event "FIDE open"]
[Site "?"]
[Date "2017.06.15"]
[Round "4.5"]
[White "Garafutdinov, Ainur"]
[Black "Peschansky, Mikhail"]
[Result "0-1"]
[WhiteElo "1998"]
[BlackElo "2162"]
[Annotator ""]
[Source ""]
[Remark ""]

1.e4 c5 2.Nc3 Nc6 3.g3 g6 4.Bg2 Bg7 5.d3 e6 6.Be3 d6 7.Qd2 h6
8.Nf3 e5 9.O-O Nf6 10.h3 Nd4 11.Ne1 Be6 12.Nd5 Nxd5 13.exd5 Bd7
14.f4 Nf5 15.Bf2 exf4 16.Qxf4 Be5 17.Qf3 O-O 18.c3 h5 19.Nc2
h4 20.g4 Ng3 21.Bxg3 Bxg3 22.Ne3 Qg5 23.Qe2 Rae8 24.Rf3 Re7 25.Qd2
Bf4 26.Rxf4 Qxf4 27.Nc4 Qxd2 28.Nxd2 f5 29.g5 Bb5 30.c4 Ba4 31.Kf2
Rfe8 32.Bf1 Kg7 33.Nf3 Re3 34.Rc1 Bd7 35.Nxh4 f4 36.Nf3 Rh8 37.Ng1
Rg3 38.Re1 Kf7 39.Re4 Rxg5 40.Nf3 Rf5 41.h4 Rf6 42.Re1 Bf5 43.d4
cxd4 44.Rd1 Bg4 45.Ng5+ Ke7 46.Rxd4 Rxh4 47.Ne4 Rf8 48.c5 dxc5
49.d6+ Kd8 50.Nxc5 Rh2+ 51.Kg1 Rxb2 52.Bd3 b6 53.Nb7+ Kd7 54.Rc4
Rc8 55.Rxf4 Be6 56.Rh4 Rc1+ 57.Bf1 Rbb1 58.Rh7+ Kc8 59.Kh2 Rxf1
60.Rc7+ Kb8 61.Nd8 Bd5 62.Re7 Rf8 63.Nb7 Bxb7 64.d7 Rd8 0-1

[Event "FIDE open"]
[Site "?"]
[Date "2017.06.15"]
[Round "4.6"]
[White "Palin, Denis"]
[Black "Filippov, Ivan"]
[Result "1/2-1/2"]
[WhiteElo "2158"]
[BlackElo "2041"]
[Annotator ""]
[Source ""]
[Remark ""]

1.f4 Nf6 2.Nf3 c5 3.b3 Nc6 4.Bb2 e6 5.g3 d5 6.Bg2 Bd6 7.O-O Qe7
8.c4 O-O 9.e3 Rd8 10.Ne5 Bc7 11.Qe2 Bd7 12.d3 Be8 13.Nd2 Rab8
14.Nxc6 Bxc6 15.e4 dxe4 16.Nxe4 Nxe4 17.Bxe4 Bxe4 18.dxe4 Rd7
19.Qg4 f6 20.Rad1 Rbd8 21.Rxd7 Rxd7 22.Rd1 Rxd1+ 23.Qxd1 Qd8
24.Qxd8+ Bxd8 25.Kf2 Kf7 26.Kf3 h5 27.f5 Bc7 28.h3 g6 29.g4 hxg4+
30.hxg4 Bh2 31.Bc3 Bc7 32.Bb2 Bh2 33.Bc3 Bc7 34.Bb2 Bh2 35.Bc3
Bc7 36.Bb2 Bh2 37.Bc3 Bc7 38.Bb2 Bh2 39.Ba3 1/2-1/2

[Event "FIDE open"]
[Site "?"]
[Date "2017.06.15"]
[Round "4.7"]
[White "Maratkanov, Evgeny"]
[Black "Arbuzov, Mikhail"]
[Result "1/2-1/2"]
[WhiteElo "2145"]
[BlackElo "2022"]
[Annotator ""]
[Source ""]
[Remark ""]

1.Nf3 Nf6 2.g3 g6 3.Bg2 Bg7 4.c4 O-O 5.Nc3 d6 6.O-O e5 7.d4 Nbd7
8.Qc2 c6 9.Rd1 Qe7 10.b3 Re8 11.Ba3 exd4 12.Nxd4 Nc5 13.Rac1
a5 14.e3 Bg4 15.Rd2 Rad8 16.h3 Bc8 17.Rcd1 Nfe4 18.Nxe4 Nxe4
19.Bxe4 Qxe4 20.Qxe4 Rxe4 21.Kg2 Bxd4 22.Rxd4 Rxd4 23.Rxd4 d5
24.c5 Bf5 25.Bb2 Ra8 26.Ra4 Bb1 27.Bc3 Ra6 28.Bxa5 Kf8 29.Kf3
Ke7 30.Ke2 Ke6 31.Kd2 Be4 32.b4 Bg2 33.h4 Bf1 34.Ra3 Bc4 35.f3
h5 36.e4 Ke5 37.f4+ Kxe4 38.Re3+ Kf5 39.Re7 f6 40.Rxb7 Bxa2 41.Rb6
Bc4 42.Rb8 1/2-1/2

[Event "FIDE open"]
[Site "?"]
[Date "2017.06.15"]
[Round "4.8"]
[White "Mikhnenko, Alexander"]
[Black "Yashmetov, Nikolay"]
[Result "0-1"]
[WhiteElo "2019"]
[BlackElo "2127"]
[Annotator ""]
[Source ""]
[Remark ""]

1.d4 Nf6 2.c4 e6 3.Nf3 b6 4.g3 Ba6 5.b3 Bb4+ 6.Bd2 Be7 7.Bg2
d5 8.cxd5 exd5 9.O-O O-O 10.Ne5 Bd6 11.Nc3 c6 12.f4 Bb7 13.Qc2
Na6 14.Rac1 Rc8 15.Qb1 Nc7 16.b4 Ne6 17.e3 Re8 18.Qb3 Ba8 19.Nd3
Bb8 20.Rc2 Bb7 21.Rfc1 Re7 22.Na4 Bd6 23.b5 Rec7 24.bxc6 Bxc6
25.Nc3 Qd7 26.Ne5 Bxe5 27.fxe5 Ne4 28.Nxe4 dxe4 29.Bh3 h6 30.Bxe6
fxe6 31.Qc4 Re8 32.Bb4 Rcc8 33.Qe2 Bb5 34.Qf2 Bd3 35.Rxc8 Rxc8
36.Qb2 Kh7 37.Bd6 Qf7 38.Qa1 Qf3 39.Rxc8 Qxe3+ 40.Kg2 Qf3+ 41.Kg1
Qe3+ 42.Kg2 Qe2+ 43.Kh3 e3 44.Rf8 Be4 45.Rf4 Bg2+ 46.Rf8 Be4
47.Be7 Qh5+ 48.Bh4 g5 0-1

[Event "FIDE open"]
[Site "?"]
[Date "2017.06.15"]
[Round "4.9"]
[White "Buyukli, Egor"]
[Black "Kazmin, Semen"]
[Result "1/2-1/2"]
[WhiteElo "1749"]
[BlackElo "2086"]
[Annotator ""]
[Source ""]
[Remark ""]

1.d4 Nf6 2.c4 g6 3.Nc3 Bg7 4.e4 d6 5.Nf3 O-O 6.Be3 e5 7.dxe5
dxe5 8.Qxd8 Rxd8 9.Nd5 Nxd5 10.cxd5 c6 11.Bc4 h6 12.h3 b5 13.Bb3
Bb7 14.Rc1 a5 15.O-O a4 16.dxc6 Bxc6 17.Bc2 Bb7 18.Rfd1 Nc6 19.Bb6
Rxd1+ 20.Rxd1 Nb4 21.Bb1 Rc8 22.Rd8+ Rxd8 23.Bxd8 Nc6 24.Bb6
Nb8 25.Bc7 Nd7 26.Bd6 Bc6 27.Kf1 f6 28.Ke2 Bf8 29.Bxf8 Kxf8 30.Nd2
Ke7 31.b4 axb3 32.axb3 Nc5 33.g3 Kd6 34.f4 Bd7 35.h4 Be6 36.Bc2
Na6 37.Ke3 Nb4 38.Bd1 Kc5 39.fxe5 fxe5 40.Nf3 Nc6 41.Ne1 Kb4
42.Nd3+ Kc3 43.Nc5 Bf7 44.Be2 Nd4 45.Bd3 Bxb3 46.Nd7 Nc2+ 47.Ke2
Nd4+ 48.Ke3 Nc2+ 49.Ke2 Nd4+ 50.Ke3 Bc2 51.Bxb5 Nxb5 52.Nxe5
Nd6 53.Nxg6 Bxe4 54.Ne5 Bd5 55.g4 Bb3 56.g5 h5 57.g6 Nf5+ 58.Kf4
Nxh4 59.Kg5 Nxg6 1/2-1/2

[Event "FIDE open"]
[Site "?"]
[Date "2017.06.15"]
[Round "4.10"]
[White "Novikov, Sergey D"]
[Black "Natarov, Ilya"]
[Result "1-0"]
[WhiteElo "2061"]
[BlackElo "1881"]
[Annotator ""]
[Source ""]
[Remark ""]

1.d4 d5 2.Nf3 Nf6 3.c4 c6 4.Nc3 e6 5.e3 Nbd7 6.Qc2 Bd6 7.Bd3
dxc4 8.Bxc4 b5 9.Be2 Bb7 10.e4 e5 11.O-O h6 12.Rd1 Qc7 13.dxe5
Nxe5 14.Nd4 Ned7 15.g3 O-O 16.Bxb5 Nc5 17.Bxc6 Bxc6 18.Ndb5 Qe7
19.Nxd6 Rad8 20.Nf5 Qb7 21.Nd5 Nfxe4 22.Nde7+ Kh8 23.Be3 Rxd1+
24.Rxd1 Ba4 25.b3 Nxb3 26.axb3 Bxb3 27.Qb2 f6 28.Ng6+ Kg8 29.Nxf8
Kxf8 30.Rb1 Qd5 31.Qa3+ Kf7 32.Qxb3 1-0

[Event "FIDE open"]
[Site "?"]
[Date "2017.06.15"]
[Round "4.11"]
[White "Chernov, Vladimir S"]
[Black "Filippov, Vladimir"]
[Result "1/2-1/2"]
[WhiteElo "2045"]
[BlackElo "1882"]
[Annotator ""]
[Source ""]
[Remark ""]

1.d4 d6 2.Nf3 Nf6 3.c4 Nbd7 4.Bf4 c6 5.Nc3 Qa5 6.Bd2 Qc7 7.e3
e5 8.Bd3 Be7 9.O-O Nf8 10.Qc2 Bg4 11.Ne1 Ne6 12.dxe5 dxe5 13.f3
Bh5 14.Bf5 Bg6 15.Ne4 Nxe4 16.Bxe4 O-O 17.Bxg6 hxg6 18.Nd3 Nc5
19.Nxc5 Bxc5 20.b4 Be7 21.Bc3 Rfe8 22.Rad1 Rad8 23.Qe4 Rxd1 24.Rxd1
Rd8 25.Re1 Bf6 26.a3 Qd7 27.Bxe5 Re8 28.f4 Bxe5 29.fxe5 Qe6 30.Rd1
Qxe5 31.Qxe5 Rxe5 32.Rd8+ Kh7 33.Rd7 Rxe3 34.Rxf7 Rxa3 35.Rxb7
Ra2 36.c5 a5 37.Ra7 a4 38.Ra6 a3 39.g4 Ra1+ 40.Kg2 a2 41.h4 Kg8
42.Ra7 Kf8 43.Kh2 Ke8 44.Kg2 Kd8 45.Kh2 Kc8 46.Kg2 Kb8 47.Ra5
Kb7 48.Kh2 Kb8 49.Kg2 Kc8 50.Ra7 Kd8 51.Kh2 Ke8 52.Kg2 Kf8 53.Kh2
Kg8 54.Kg2 Rb1 55.Rxa2 Rxb4 56.Ra6 Rxg4+ 57.Kh3 Rc4 58.Rxc6 Kf7
59.Rc7+ Kf6 60.Rc8 Rc3+ 61.Kg2 Ke7 62.c6 Kd6 63.Rd8+ Kc7 64.Rd7+
Kc8 65.Rxg7 Rxc6 66.Kg3 Kd8 67.Kg4 Ke8 68.Kg5 Kf8 69.Ra7 Rb6
70.Kh6 Rb4 71.Kg5 Rb6 72.Rd7 Ra6 73.Rd4 Kg7 74.Rd7+ Kf8 75.Rh7
Kg8 76.Rb7 Kf8 77.Rb4 Kg7 78.Rb5 Rc6 79.Rb7+ Kf8 80.Kh6 Rc4 81.Kxg6
Rxh4 1/2-1/2

[Event "FIDE open"]
[Site "?"]
[Date "2017.06.15"]
[Round "4.13"]
[White "Puchko, Nikolay"]
[Black "Perch, Sofya"]
[Result "0-1"]
[WhiteElo "2154"]
[BlackElo "1874"]
[Annotator ""]
[Source ""]
[Remark ""]

1.e4 c5 2.Nf3 d6 3.d4 cxd4 4.Nxd4 Nf6 5.Nc3 a6 6.h3 e5 7.Nb3
Be6 8.f4 Nc6 9.f5 Bxb3 10.axb3 Rc8 11.Be3 Nb4 12.Bc4 b5 13.Bd5
Nbxd5 14.exd5 Ra8 15.b4 Be7 16.O-O O-O 17.Qd3 Qc7 18.Ra3 Rfc8
19.Rfa1 Qb7 20.Rd1 Rc4 21.b3 Rc7 22.Ne4 Nxe4 23.Qxe4 Bd8 24.Kh2
f6 25.Ra2 Rcc8 26.Bd2 Bb6 27.Rc1 Ba7 28.c4 Bd4 29.Rac2 bxc4 30.bxc4
Rd8 31.Qd3 Rab8 32.Ra2 Ra8 33.Kg3 Re8 34.Qe4 Red8 35.Kf3 Re8
36.Ke2 Red8 37.Kd3 a5 38.Rxa5 Rxa5 39.bxa5 Rc8 40.Ke2 Qb3 41.Qd3
Qa4 42.Qc2 Qa3 43.Qd3 Qa4 44.Kf1 Rb8 45.h4 Rb3 46.Qc2 Qa3 47.Be1
Rb2 48.Qd1 Qe3 49.Rc2 Qg1+ 50.Ke2 Qxg2+ 51.Kd3 Rxc2 52.Qh5 g6 0-1

[Event "FIDE open"]
[Site "?"]
[Date "2017.06.15"]
[Round "4.14"]
[White "Ter-Saakian, Grigorii"]
[Black "Palkovich, Denis"]
[Result "0-1"]
[WhiteElo "1844"]
[BlackElo "2147"]
[Annotator ""]
[Source ""]
[Remark ""]

1.e4 d5 2.exd5 Nf6 3.d4 Nxd5 4.c4 Nb6 5.Nf3 g6 6.Nc3 Bg7 7.c5
Nd5 8.Bc4 c6 9.O-O O-O 10.Re1 Nxc3 11.bxc3 b6 12.Bg5 Bf6 13.Bh6
Bg7 14.Bg5 Bf6 15.Bh6 Bg7 16.Bxg7 Kxg7 17.cxb6 axb6 18.Qe2 e6
19.Ne5 Qd6 20.h4 Ba6 21.h5 Bxc4 22.Nxc4 Qc7 23.Ne5 Nd7 24.Qf3
Nxe5 25.dxe5 f5 26.exf6+ Rxf6 27.Qg4 Ra5 28.Rxe6 Rxh5 29.Qd4
Qh2+ 30.Kf1 Rhf5 31.Rxf6 Rxf6 32.f3 c5 33.Qe3 Qh1+ 34.Qg1 Qh4
35.Qe3 Qc4+ 36.Kf2 Re6 37.Qd2 h5 38.Rd1 b5 39.Rc1 Re5 40.Qd7+
Kf6 41.Qd8+ Re7 42.Qf8+ Rf7 43.Qd6+ Kg7 44.Qe5+ Kh7 45.Qe2 Qf4
46.Rd1 h4 47.Kg1 h3 48.Qe4 Qf6 49.gxh3 Qxc3 50.Qh4+ Kg7 51.Rf1
Qe3+ 52.Kg2 Rf4 53.Qf2 Qe5 54.Re1 Qg5+ 55.Qg3 Qf6 56.Re2 c4 57.Qf2
c3 58.Qe3 b4 59.Qa7+ Kh6 60.Re7 Qh8 61.Qc7 Rf5 62.h4 g5 63.Re6+
Kh5 64.Qg3 Qd4 65.Re4 Qd2+ 66.Kh3 Qd7 67.Qg4+ Kg6 68.hxg5 Rxf3+
69.Kg2 Qxg4+ 70.Rxg4 c2 71.Kxf3 c1Q 72.Rg2 Qf1+ 73.Rf2 Qd3+ 74.Kg4
Qd7+ 75.Kf4 Qd4+ 76.Kg3 Kxg5 77.Kf3 Kf5 78.Ke2+ Ke5 79.Ke1 Qa1+ 0-1

[Event "FIDE Open"]
[Site "Voronezh"]
[Date "2017.06.12"]
[Round "1.57"]
[White "Kazmin, Semen"]
[Black "Koptev, Ruslan"]
[Result "1/2-1/2"]
[WhiteElo "2086"]
[BlackElo "1720"]
[Annotator ""]
[Source ""]
[Remark ""]

1.e4 c5 2.Nf3 a6 3.d4 cxd4 4.Nxd4 Nf6 5.Nc3 e5 6.Nf5 d5 7.Bg5
d4 8.Bxf6 Qxf6 9.Nd5 Qd8 10.Qf3 Be6 11.Bc4 Nd7 12.O-O g6 13.Ng3
Bg7 14.Qa3 Rc8 15.Bd3 Nc5 16.f4 Bxd5 17.exd5 Qxd5 18.fxe5 O-O
19.Rae1 Bxe5 20.Ne4 Nxe4 21.Bxe4 Qd6 22.Qh3 Rc7 23.Bd3 Re7 24.Re4
Bf6 25.Qf3 Bg5 26.Rg4 Be3+ 27.Kh1 b5 28.h4 Re5 29.Rg3 Qd5 30.Qxd5
Rxd5 31.Rf6 Rh5 32.Rh3 a5 33.g4 Re5 34.Rhf3 Kg7 35.Rb6 b4 36.Rbf6
Re6 37.g5 h6 38.gxh6+ Bxh6 39.Rxe6 fxe6 40.Rxf8 Kxf8 41.Bxg6 1/2-1/2

[Event "FIDE Open"]
[Site "Voronezh"]
[Date "2017.06.12"]
[Round "1.57"]
[White "Ivlev, Aleksandr"]
[Black "Tatarintsev, Egor"]
[Result "1/2-1/2"]
[WhiteElo "1717"]
[BlackElo "2085"]
[Annotator ""]
[Source ""]
[Remark ""]

1.d4 e6 2.Nf3 f5 3.g3 b6 4.Bg2 Bb7 5.O-O Nf6 6.b3 Be7 7.Bb2 O-O
8.Nbd2 a5 9.a3 Na6 10.c4 Ne4 11.e3 Bf6 12.Nxe4 Bxe4 13.Qe2 c6
14.Ne1 Bxg2 15.Nxg2 Nc7 16.f4 a4 17.b4 b5 18.c5 Nd5 19.Ne1 Kh8
20.Nd3 Qc7 21.Rac1 Rac8 22.Rc2 Qd8 23.Kf2 Qe7 24.Ke1 g5 25.Kd1
Qg7 26.Ne5 gxf4 27.exf4 Bxe5 28.dxe5 Rg8 29.Kc1 Qg4 30.Qd3 h5
31.Kb1 Kg7 32.h4 Kf7 33.Rf3 Qh3 34.Bd4 Rg4 35.Bf2 Rcg8 36.Rc1
Ke8 37.Re1 Qh2 38.Rc1 R8g7 39.Rf1 Qg2 40.Rg1 Qh3 41.Rc1 Kd8 42.Rd1
Qh2 43.Ka1 Kc8 44.Kb2 Qh3 45.Ka2 Qh2 46.Kb1 Qg2 47.Rg1 Qh2 1/2-1/2

[Event "FIDE Open"]
[Site "Voronezh"]
[Date "2017.06.12"]
[Round "1.57"]
[White "Geranichev, Mikhail"]
[Black "Gerasimov, Vadim"]
[Result "0-1"]
[WhiteElo "2076"]
[BlackElo "1713"]
[Annotator ""]
[Source ""]
[Remark ""]

1.Nf3 d5 2.g3 Nf6 3.Bg2 c5 4.O-O Nc6 5.d3 e5 6.Nbd2 Be7 7.e4
dxe4 8.dxe4 O-O 9.c3 Qc7 10.Qc2 h6 11.Nc4 Be6 12.Ne3 Rfd8 13.Nh4
g6 14.Nd5 Nxd5 15.exd5 Bxd5 16.Bxd5 Rxd5 17.Nxg6 Kg7 18.Nxe7
Qxe7 19.Qe4 Qe6 20.g4 Ne7 21.Be3 f5 22.gxf5 Qxf5 23.Qxf5 Nxf5
24.c4 Nxe3 25.fxe3 Rd2 26.Rf2 Rd3 27.Re1 Rf8 28.Rxf8 Kxf8 29.Kf2
Rd2+ 30.Re2 Rxe2+ 31.Kxe2 Kf7 32.Kf3 Kf6 33.Ke4 Ke6 34.a3 b6
35.b3 a6 36.h3 b5 37.cxb5 axb5 38.a4 bxa4 39.bxa4 c4 40.Kf3 Kd5
41.Ke2 Kc5 42.Kd2 Kb4 43.Kc2 Kxa4 44.Kc3 Kb5 45.h4 h5 46.Kb2
Kb4 0-1

[Event "FIDE Open"]
[Site "Voronezh"]
[Date "2017.06.12"]
[Round "1.57"]
[White "Stroganova, Karina"]
[Black "Kozlov, Sergej A."]
[Result "0-1"]
[WhiteElo "1711"]
[BlackElo "2072"]
[Annotator ""]
[Source ""]
[Remark ""]

1.d4 e6 2.Nf3 f5 3.c4 Nf6 4.g3 Be7 5.Bg2 O-O 6.O-O d6 7.Nc3 Ne4
8.Qb3 Nc6 9.Be3 Bf6 10.Rfd1 Nxc3 11.Qxc3 Qe7 12.Qa3 e5 13.dxe5
Nxe5 14.Nxe5 Bxe5 15.Rac1 Qf6 16.Qb3 f4 17.gxf4 Bxf4 18.Bxf4
Qxf4 19.Qg3 Qf6 20.Rc3 Be6 21.b3 Rab8 22.Rdd3 b6 23.Rf3 Qd4 24.Rfd3
Qf6 25.Rf3 Qh6 26.Rxf8+ Rxf8 27.Rf3 Qc1+ 28.Bf1 Bf5 29.Qf4 Qxf4
30.Rxf4 Bb1 31.Rh4 Bxa2 32.Rh3 Re8 33.Rc3 Re5 34.f3 Ra5 35.b4
Ra4 36.e4 Rxb4 37.f4 Bb1 38.e5 Bf5 39.exd6 cxd6 40.Re3 Kf7 0-1

[Event "FIDE Open"]
[Site "Voronezh"]
[Date "2017.06.12"]
[Round "1.57"]
[White "Chekletsov, Egor"]
[Black "Foshenko, Kirill"]
[Result "1/2-1/2"]
[WhiteElo "2070"]
[BlackElo "1710"]
[Annotator ""]
[Source ""]
[Remark ""]

1.d4 Nf6 2.c4 g6 3.Nc3 Bg7 4.e4 d6 5.f3 O-O 6.Be3 b6 7.Bd3 a6
8.Nge2 c5 9.Qd2 Nc6 10.d5 Ne5 11.O-O Nfd7 12.Ng3 Nxd3 13.Qxd3
b5 14.f4 Qa5 15.Bd2 bxc4 16.Qxc4 Nb6 17.Qe2 Qb4 18.Nd1 Qb5 19.Bc3
Qxe2 20.Nxe2 Bg4 21.Kf2 Rab8 22.Bxg7 Kxg7 23.h3 Bd7 24.b3 a5
25.Nec3 a4 26.bxa4 Nxa4 27.Nxa4 Bxa4 28.Ke3 Rb4 29.Nc3 Ra8 30.Rfb1
Bc2 31.Rxb4 cxb4 32.Rc1 b3 33.axb3 Bxb3 34.Rb1 Rb8 35.Ne2 Rb7
36.Nc3 f5 37.Re1 fxe4 38.Kxe4 Rb4+ 39.Kd3 Bc4+ 40.Kc2 Rb7 41.Re4
Rc7 42.Kd2 Kf7 43.g3 Rc5 44.Rd4 h6 1/2-1/2

[Event "FIDE Open"]
[Site "Voronezh"]
[Date "2017.06.12"]
[Round "1.57"]
[White "Strukov, Dmitry"]
[Black "Novikov, Sergey D"]
[Result "0-1"]
[WhiteElo "1708"]
[BlackElo "2061"]
[Annotator ""]
[Source ""]
[Remark ""]

1.e4 c5 2.Nf3 d6 3.Bb5+ Bd7 4.Bxd7+ Qxd7 5.O-O Nc6 6.d4 cxd4
7.Nxd4 Nf6 8.Nc3 g6 9.Bg5 Bg7 10.Nxc6 bxc6 11.Re1 Qc7 12.Qd2
O-O 13.Bh6 Bxh6 14.Qxh6 Qb6 15.b3 Qxf2+ 16.Kxf2 Ng4+ 17.Kg3 Nxh6
18.Rad1 Rfd8 19.Na4 e5 20.c4 f6 21.Rd2 Kf7 22.Red1 Ke7 23.c5
Nf7 24.cxd6+ Rxd6 25.Rxd6 Nxd6 26.Nc5 Rd8 27.Re1 Nb5 28.Re3 Rd2
29.a4 Nd4 30.Nb7 Kd7 31.Nc5+ Kd6 32.Nb7+ Kc7 33.Na5 f5 34.Kh3
f4 35.Rc3 Re2 36.b4 Re3+ 37.Rxe3 fxe3 38.Kg3 h5 0-1

[Event "FIDE Open"]
[Site "Voronezh"]
[Date "2017.06.12"]
[Round "1.57"]
[White "Lepaev, Andrey"]
[Black "Ternovskiy, Alexey"]
[Result "1-0"]
[WhiteElo "2059"]
[BlackElo "1707"]
[Annotator ""]
[Source ""]
[Remark ""]

1.d4 d5 2.c4 c6 3.Nf3 Nf6 4.e3 e6 5.Nbd2 Be7 6.Bd3 Nbd7 7.O-O
O-O 8.e4 dxe4 9.Nxe4 Nxe4 10.Bxe4 Nf6 11.Bc2 Qc7 12.Qd3 g6 13.Ne5
c5 14.Bf4 Nh5 15.Nxg6 1-0

[Event "FIDE Open"]
[Site "Voronezh"]
[Date "2017.06.12"]
[Round "1.57"]
[White "Malozemova, Darya"]
[Black "Katkov, Vitaly"]
[Result "1-0"]
[WhiteElo "1680"]
[BlackElo "2054"]
[Annotator ""]
[Source ""]
[Remark ""]

1.d4 d5 2.Bf4 Nf6 3.Nf3 e6 4.e3 c5 5.c3 Nc6 6.Bd3 Be7 7.Nbd2
Nh5 8.Bg3 Qb6 9.Rb1 Nxg3 10.hxg3 h6 11.Ne5 cxd4 12.exd4 Nxe5
13.dxe5 Bd7 14.Qe2 a6 15.Qg4 g6 16.a3 Bb5 17.Qe2 Bxd3 18.Qxd3
Rc8 19.Nf3 Bc5 20.O-O O-O 21.Nd4 Bxd4 22.cxd4 Rc4 23.Rfd1 Rfc8
24.Qe3 Kg7 25.g4 Rc2 26.g5 hxg5 27.Qxg5 Rxb2 28.Rbc1 Qd8 29.Qf6+
Kg8 30.Rxc8 Qxc8 31.Rd3 Qc1+ 32.Kh2 Rb1 33.Rh3 Qg1+ 34.Kg3 Rb3+
35.f3 Rxf3+ 36.Kxf3 Qf1+ 37.Kg3 1-0

[Event "FIDE Open"]
[Site "Voronezh"]
[Date "2017.06.12"]
[Round "1.57"]
[White "Kondaurov, Yury"]
[Black "Moshkin, Mikhail"]
[Result "1-0"]
[WhiteElo "2046"]
[BlackElo "1671"]
[Annotator ""]
[Source ""]
[Remark ""]

1.Nf3 Nf6 2.g3 g6 3.Bg2 Bg7 4.O-O O-O 5.c4 d6 6.Nc3 c5 7.d3 Nc6
8.a3 Rb8 9.Qc2 b6 10.b3 Bb7 11.Bb2 a6 12.e3 Ne5 13.e4 e6 14.Rad1
Nxf3+ 15.Bxf3 e5 16.Kg2 Nd7 17.Nd5 Bxd5 18.cxd5 f5 19.Bc1 Qf6
20.h4 fxe4 21.Bxe4 Qe7 22.Bg5 Bf6 23.Qd2 Rf7 24.Rh1 Rbf8 25.Rdf1
a5 26.Rh2 Qd8 27.Kg1 Qe7 28.Bg2 e4 29.Bxe4 Ne5 30.f4 Ng4 31.Re2
Qd7 32.Bxf6 Nxf6 33.Bg2 Re8 34.Rfe1 Rfe7 35.Rxe7 Rxe7 36.Kf1
Ng4 37.a4 Qe8 38.Rxe7 Qxe7 39.Qe2 Qxe2+ 40.Kxe2 Nh6 41.Bh3 Kf7
42.Be6+ Kf6 43.g4 Nf7 44.Ke3 Ke7 45.Ke4 Kf6 46.g5+ Ke7 1-0

[Event "FIDE Open"]
[Site "Voronezh"]
[Date "2017.06.12"]
[Round "1.57"]
[White "Polukhin, Alexander"]
[Black "Chernov, Vladimir S"]
[Result "1-0"]
[WhiteElo "1670"]
[BlackElo "2045"]
[Annotator ""]
[Source ""]
[Remark ""]

1.d4 d5 2.Bf4 Nf6 3.Nf3 Bf5 4.e3 e6 5.Nbd2 Bd6 6.Ne5 Nbd7 7.Be2
Ne4 8.g4 Bg6 9.h4 Nxd2 10.Qxd2 Bxe5 11.dxe5 h5 12.gxh5 Bxh5 13.O-O-O
Bxe2 14.Qxe2 c5 15.Rhg1 Qa5 16.Kb1 g6 17.c4 Nb6 18.cxd5 Nxd5
19.Bg5 Qb4 20.Qc2 c4 21.e4 Nb6 22.Bf6 Rh5 23.Rd4 Qc5 24.Rgd1
Qc7 25.Qd2 Nd5 26.exd5 Rf5 27.dxe6 1-0